Tilastot visalle Ranskan alueet kartalla

Klikkaa tästä pelataksesi tätä visaa!

Yleistilastot

  • Tätä visaa on pelattu 140 kertaa
  • Keskiarvotulos 9 / 13

Vastaukset kartalla

Vastauksille on annettu kartalla punavihreä väri sen mukaan, kuinka moni on saanut sen oikein.
Ladataan ...
 

Vastaustilastot

Vastaus% Oikein
Korsika
89%
Normandia
85%
Provence-Alpit-Riviera
74%
Bretagne
73%
Auvergne-Rhône-Alpes
72%
Île-de-France
66%
Grand Est
64%
Centre-Val de Loire
64%
Hauts-de-France
61%
Oksitania
57%
Pays de la Loire
55%
Burgundi-Franche-Comté
54%
Uusi-Akvitania
47%

Tulosjakauma

Persentiili vastausten määrän mukaan

Jokaisen tuloksen saaneiden osuus

Tuloshistoriasi

Et ole pelannut tätä visaa